Grecia y Roma (Registro nro. 78506)

Detalles MARC
000 -ENCABEZADO
Número de control [NR] 00808nam a2200265Ia 4500
008 - DE LONGITUD FIJA DE DATOS DE ELEMENTOS - INFORMACIÓN GENERAL
Elementos de longitud fija [NR] 130821s2000 sp gr spa
020 ## - NUMERO INTERNACIONAL NORMALIZADO PARA LIBROS [R]
Número Internacional Normalizado del libro [NR] 84 8403 298 1
040 ## - FUENTE DE CATALOGACION [NR]
Agencia de catalogación original [NR] Co-BoUCM
Idioma de catalogación [NR] spa
041 00 - CODIGO DE IDIOMA [R]
Código de idioma para texto/pista de sonido o título separado [R] Español
100 1# - ASIENTO PRINCIPAL--NOMBRE PERSONAL [NR]
Nombre personal [NR] Guerber, H.A.
ID Autoridad 169764
245 10 - MENCION DE TITULO [NR]
Título [NR] Grecia y Roma
Mención de responsabilidad, etc. [NR] H.A. Guerber ; traducción Seuk Kwon
260 ## - PUBLICACION, DISTRIBUCION, ETC. (PIE DE IMPRENTA) [R]
Lugar de publicación, distribución, etc. [R] Madrid (España)
Nombre del editor, distribuidor, etc. [R] Edimat Libros
Fecha de publicación, distribución, etc. [R] [2000]
300 ## - DESCRIPCION FISICA [R]
Extensión [R] 383 páginas
490 #0 - MENCION DE SERIE [R]
Mención de serie [R] Mitología
500 ## - NOTA GENERAL [R]
Nota general [NR] Donación UCM-C-ARRAYANES.
500 ## - NOTA GENERAL [R]
Nota general [NR] Incluye índice.
650 ## - ASIENTO SECUNDARIO DE MATERIA - TERMINO TEMATICO [R]
Término temático o nombre geográfico como elemento de entrada [NR] Leyendas
Subdivisión geográfica [R] Europa
9 (RLIN) 18449
650 ## - ASIENTO SECUNDARIO DE MATERIA - TERMINO TEMATICO [R]
Término temático o nombre geográfico como elemento de entrada [NR] Mitología griega
9 (RLIN) 19635
650 ## - ASIENTO SECUNDARIO DE MATERIA - TERMINO TEMATICO [R]
Término temático o nombre geográfico como elemento de entrada [NR] Mitología romana
9 (RLIN) 19644
650 ## - ASIENTO SECUNDARIO DE MATERIA - TERMINO TEMATICO [R]
Término temático o nombre geográfico como elemento de entrada [NR] Mitología
9 (RLIN) 19626
700 1# - ASIENTO SECUNDARIO - NOMBRE PERSONAL [R]
Nombre personal [NR] Kwon, Seuk
Término de relación [R]
9 (RLIN) 170006
765 0# - ASIENTO DE IDIOMA ORIGINAL [R]
Título [NR] Greece and rome
942 ## - ELEMENTOS DE ENTRADA AGREGADOS (KOHA)
Tipo de ítem principal el descrito en 300a Libro
Tema principal Religión
Edición 1
Parte restante de la signatura top. G929g
Sistema de clasificación DEWEY
Clasificación 291.13
Existencias
Fecha de último préstamo Total préstamos Total Renewals Signatura topográfica Código de barras Última vez visto Ejemplar Price effective from Tipo de ítem Perdido Sistema de clasificación Dañado No prestable Tipo de ítem específico Suprimido Ubicación habitual Ubicación actual Localización Fecha de creación Forma de adquisición Costo
04/04/2024 4 3 291.13 G929g 100118173 09/12/2025 Ej.1 03/02/2013 Libro   DEWEY     Libro   Claustro Claustro 2do piso 30/09/2011 Donación 26000.00